| 000 | 01334cam a22004094a 4500 | ||
|---|---|---|---|
| 001 | 149029 | ||
| 003 | OSt | ||
| 005 | 20140310182713.0 | ||
| 008 | 980317s1998 nyua f 001 0 eng c | ||
| 010 | _a 98084950 | ||
| 020 | _a9814096660 | ||
| 035 | _a(DLC) 98084950 | ||
| 035 | _a(OCoLC)39088141 | ||
| 040 |
_aOCl _cOCl _dNcAnA _dOCoLC _dDLC |
||
| 042 | _apcc | ||
| 050 | 0 | 0 |
_aGV 494 _b.R691 1998 |
| 082 |
_2M 796.426 _bR61 1998 |
||
| 100 | 1 |
_aRodgers, Bill, _d1947- |
|
| 245 | 1 | 4 |
_aThe complete idiot's guide to jogging and running / _cRodgers, Bill; Douglas, Scott |
| 246 | 3 | 0 | _aJogging and running |
| 260 |
_aNew York, NY : _bAlpha Books, _cc1998. |
||
| 300 |
_axix, 331 p. : _bill. ; _c24 cm. |
||
| 500 | _aIncludes index. | ||
| 521 | _aCollege Students | ||
| 526 | _c1210L-1700L | ||
| 541 | _j1 | ||
| 562 | _e1 | ||
| 650 | 0 |
_aJogging _vHandbooks, manuals, etc. |
|
| 650 | 0 |
_aRunning _vHandbooks, manuals, etc. |
|
| 700 | 1 | _aDouglas, Scott. | |
| 856 | 4 | 2 |
_3Publisher description _uhttp://www.loc.gov/catdir/enhancements/fy0716/98084950-d.html |
| 906 |
_a7 _bcbc _cpccadap _d2 _eopcn _f19 _gy-gencatlg |
||
| 942 |
_2lcc _cBK _kM |
||
| 999 |
_c15255 _d15255 |
||